Catalog

Record Details

Catalog Search



Available copies

  • 6 of 6 copies available at LARL/NWRL Consortium.
  • 4 of 4 copies available at Northwest Regional Library. (Show preferred library)

Current holds

0 current holds with 6 total copies.

Show Only Available Copies
Location Call Number / Copy Notes Barcode Shelving Location Status Due Date
Godel Memorial-Warren Library pb GRI (Text) 35500006539124 Main Available -
Red Lake Falls Public Library pb GRI (Text) 35500003443643 Main Available -
Thief River Falls Public Library GRI (Text) 35500004023600 Main Available -
Warroad Public Library GRI (Text) 35500005662174 Main Available -
Crookston Public Library GRI (Text) 33500013590542 Main Available -
Moorhead Public Library GRI (Text) 33500013590559 Main Available -

Record details

  • ISBN: 9780345531957
  • ISBN: 0385472951 (regular ed.)
  • ISBN: 0440224764 (pbk.)
  • Physical Description: 366 p. : 25 cm.
  • Publisher: New York : Doubleday, 1997.

Content descriptions

Summary, etc.:
Believed to have been killed in a car accident ... Read More
Subject: Death, Apparent > Fiction.
Larceny > Fiction.
Brazil > Fiction.
Biloxi (Miss.) > Fiction.
Genre: Legal stories.
LDR 01487cam a2200313Ia 4500
00119385
003LARL_NWRL_CONSORTIUM
00520220414201733.0
008961230s1997 nyu 000 1 eng
010 . ‡a96054702(regular ed.)
0201 . ‡a9780345531957
020 . ‡a0385472951 (regular ed.)
020 . ‡a0440224764 (pbk.)
035 . ‡a(OCoLC)973335059
040 . ‡aDLC ‡cDLC
0820 . ‡a813/.54 ‡221
099 . ‡aGri
1001 . ‡aGrisham, John. ‡0(LARL_NWRL_CONSORTIUM)97617
24514. ‡aThe partner / ‡cJohn Grisham.
260 . ‡aNew York : ‡bDoubleday, ‡c1997.
300 . ‡a366 p. : 25 cm.
520 . ‡aBelieved to have been killed in a car accident four years earlier, Patrick Lanigan is discovered living in Brazil under the name of Danilo Silva and presumably in possession of millions of dollars missing from his former firm's offshore account.
650 0. ‡aDeath, Apparent ‡vFiction.
650 0. ‡aLarceny ‡vFiction.
651 0. ‡aBrazil ‡vFiction. ‡0(LARL_NWRL_CONSORTIUM)168322
651 0. ‡aBiloxi (Miss.) ‡vFiction.
655 7. ‡aLegal stories. ‡2gsafd
901 . ‡a19385 ‡bUnknown ‡c19385 ‡tbiblio

Additional Resources